01286nam a2200301Ia 4500003001000000005001700010008002800027020001700055040003500072082002600107100004100133245009400174250001700268264006100285300004100346336002700387337003300414338002800447500009700475650006100572650004700633651006200680651005000742700005100792942001200843952011400855999001500969CO-BoRNBP20231007222748.0141031s9999 ck 000 0 spa d a978958993705 aCO-BoRNBPbspaerdacCO-BoRNBP04a398.0986137 F663f2221 aCortés de Piñeros, María9302810aFolclor colombianobdepartamento de Boyacá cMaría Cortés de Piñeros... [y otros] a1a edición aBogotábPatronato Colombiano de Artes y Cienciasc2010 a267 páginasbilustracionesc25 cm. atextobtxt2rdacontent asin mediaciónbn2rdamedia avolumenbnc2rdacarrier aEste es un numero suelto de la revista Nueva Revista Colombiana de Folclor. Incluye índice142LEMBaMúsica folclórica zBoyacá (Colombia)912109142LEMBaFolclor zBoyacá (Colombia)91211014aBoyacá (Colombia)xDanzas populares nacionales 91209714aBoyacá (Colombia)xMitos y leyendas 9120981 aCortés de Piñeros, Maríaedirector93028 2ddccBK 00102ddc4070aBRCbBRCd2023-10-07l0o398.0986137 F663fp33976r2023-10-07 22:28:47tEj.1w2023-10-07yBK c1934d1934